Defectos en el cumplimiento de la prestación: derecho romano y derecho privado europeo. Proyecto de investigación DER2010-19889 MInisterio de Economía y Competitividad. Gobierno de España

Na minha lista:
Detalhes bibliográficos
Main Authors: Castresana, Amelia (Author), Carvajal, Patricio Ignacio (Author)
Autor Corporativo: Universidad de Salamanca (Author)
Formato: Livro
Idioma:espanhol
Publicado em: Salamanca Ratio Legis 2014
Edição:1a. ed
Assuntos:
Tags: Adicionar Tag
Sem tags, seja o primeiro a adicionar uma tag!

MARC

LEADER 00000cam a2200000 a 4500
001 UCE4466
003 CL-VaPUC
008 141023e20140000sp |||||||||||||||||spa|d
020 |a 9788494242960 
082 0 4 |a 346.4  |b CAS  |2 21 
100 0 |a Castresana, Amelia  |e author  |9 577026 
700 |a Carvajal, Patricio Ignacio  |e author  |9 557415 
110 2 |a Universidad de Salamanca  |e author  |9 577028 
245 1 0 |a Defectos en el cumplimiento de la prestación: derecho romano y derecho privado europeo. Proyecto de investigación DER2010-19889 MInisterio de Economía y Competitividad. Gobierno de España 
250 |a 1a. ed 
300 |a 236 p 
942 |c BK 
945 |d 20141023 15:21:00  |a arojas 
260 |a Salamanca  |b Ratio Legis  |c 2014 
650 0 |a Derecho privado  |9 258243 
650 0 |a Derecho romano  |9 255930 
650 0 |a Derecho comparado  |9 255664 
650 0 |a Derecho privado europeo  |9 485958 
583 |a last modification  |c 20141023 15:21:00  |k Rodrigo Vera 
999 |c 357416  |d 357414 
952 |0 0  |1 0  |3 erb  |4 0  |6 346_400000000000000_CAS_2014  |7 0  |8 A  |9 465390  |a BIBDER  |b BIBDER  |i 5121191  |o 346.4 CAS 2014  |p 5121191  |r 2019-11-23  |w 2019-11-23  |y BK  |z Catalogado en:20141023  |k DER